000 00449nam a2200181Ia 4500
001 13992
005 20260306164841.0
008 260306t2007||||xx |||||||||||||| ||spa||
041 _aESP
082 _a005.74
_bW54
100 _aWhitehorn, Mark
_eAUT
245 0 _aInside relational database with examples in Access
260 _c2007
300 _axiv, 371 páginas :
_c24 cm.
650 _aGEN
654 _aCCC
942 _cLIB
_dJUS
_fJUS
_2ddc
_n
999 _c13992
_d13992